000 00234 a2200109 4500
001 63433
082 _b823 SAN
090 _c37491
_d37491
100 _aSanders, L
245 _aThe Scond Deadly Sin
_hEnglish
260 _bBerkley Books
942 _aCAE NUST
_k823 SAN
999 _c298506
_d298506